| 000 | 00417nam a2200133Ia 4500 | ||
|---|---|---|---|
| 008 | 231221s9999 xx 000 0 und d | ||
| 020 | _a978-88-470-0356-9 | ||
| 041 | _aEnglish | ||
| 100 | _aA. Pavan, R. Frassine | ||
| 245 | 0 | _aTubazioni in polietilene per il trasporto di acqua | |
| 260 |
_c2005 _bSpringer Milan _aNew York |
||
| 650 | _aGeoengineering, Foundations, Hydraulics; Engineering, general | ||
| 942 | _cEB | ||
| 999 |
_c229928 _d229928 |
||